Славянские чтения. Вып. 17: 2015 - год литературы в России (Запись № 11449540)

Подробности
000 -МАРКЕР
контрольное поле 02745nam2a2200337 4500
001 - ИДЕНТИФИКАТОР ЗАПИСИ
контрольное поле RU\NLR\BIBL_A\011106354
005 - ИДЕНТИФИКАТОР ВЕРСИИ
контрольное поле 20250625204640.0
010 ## - МЕЖДУНАРОДНЫЙ СТАНДАРТНЫЙ НОМЕР КНИГИ (ISBN)
Номер (ISBN) 978-5-7779-1908-3
010 ## - МЕЖДУНАРОДНЫЙ СТАНДАРТНЫЙ НОМЕР КНИГИ (ISBN)
Номер (ISBN) 978-5-7779-1909-0
Уточнения ч. 1
021 ## - НОМЕР ГОСУДАРСТВЕННОЙ РЕГИСТРАЦИИ
Код страны Российская Федерация
Номер 2016-27960
Номер Листа государственной регистраци 1799
035 ## - ДРУГИЕ СИСТЕМНЫЕ НОМЕРА
Идентификатор записи (NLR Aleph) 011106354
100 ## - ДАННЫЕ ОБЩЕЙ ОБРАБОТКИ
Данные общей обработки 20160422d2015 |||y0rusy50 ca
101 0# - ЯЗЫК РЕСУРСА
Язык текста, звукозаписи и т.д. русский
Язык резюме английский
102 ## - СТРАНА ПУБЛИКАЦИИ ИЛИ ПРОИЗВОДСТВА
Страна публикации Российская Федерация
105 ## - ПОЛЕ КОДИРОВАННЫХ ДАННЫХ: ТЕКСТОВЫЕ МАТЕРИАЛЫ, МОНОГРАФИЧЕСКИЕ
Кодированные данные о монографическом текстовом документе a|||z|||000zy
200 1# - ЗАГЛАВИЕ И СВЕДЕНИЯ ОБ ОТВЕТСТВЕННОСТИ
Основное заглавие 2015 - год литературы в России
Сведения, относящиеся к заглавию в 2 ч.
Обозначение и номер части ч. 1
Наименование части Научные труды
Сведения, относящиеся к заглавию материалы всероссийской научно-практической конференции Славянские чтения (Омск, 22-23 мая 2015 г.)
Последующие сведения об ответственности [отв. ред.: д.филол.н., проф. Т.П. Рогожникова]
210 ## - ПУБЛИКАЦИЯ, РАСПРОСТРАНЕНИЕ И ДР.
Место издания, распространения и т.д. Омск
Имя издателя, распространителя и т. д. ОмГУ
Дата издания, распространения и т.д. 2015
215 ## - ФИЗИЧЕСКАЯ ХАРАКТЕРИСТИКА
Специфическое обозначение материала и объем 213 с.
Другие сведения о физической характеристике ил.
300 ## - ОБЩИЕ ПРИМЕЧАНИЯ
Текст примечания В надзаг.: М-во образования и науки Рос. Федерации, Федер. гос. бюджет. образоват. учреждение высш. проф. образования Омск. гос. ун-т им. Ф.М. Достоевского
300 ## - ОБЩИЕ ПРИМЕЧАНИЯ
Текст примечания Рез. на англ. яз.
320 ## - ПРИМЕЧАНИЯ О НАЛИЧИИ В ДОКУМЕНТЕ БИБЛИОГРАФИИ / УКАЗАТЕЛЯ
Текст примечания Библиогр. в конце ст.
327 1# - ПРИМЕЧАНИЯ О СОДЕРЖАНИИ
Текст примечания В кн. также публ. материалы круглого стола "Литературные традиции и современный литературный процесс" , проходившего в рамках чтений
461 #0 - УРОВЕНЬ НАБОРА
Встроенное поле 001RU\NLR\bibl\6141
-- 2001#$aСлавянские чтения$eМатериалы докл. науч.-практ. конф.$vВып. 17
Системный номер (АБИС) связанной записи 4716063
Место публикации Омск
Дата публикации 1995
Имя издателя, распространителя и т.д. Изд-во Ом. отд-ния Междунар. Фонда слав. письменности и культуры
Сведения, относящиеся к заглавию Материалы докл. науч.-практ. конф.
Заглавие Славянские чтения
Номер тома Вып. 17
711 12 - НАИМЕНОВАНИЕ ОРГАНИЗАЦИИ - АЛЬТЕРНАТИВНАЯ ОТВЕТСТВЕННОСТЬ
Начальный элемент ввода "Славянские чтения", всероссийская научно-практическая конференция с международным участием
Порядковый номер временной организации и / или порядковый номер ее части 17
Место проведения временной организации Омск
Дата проведения временной организации 2015
Системный номер авторитетной/нормативной записи 515588
Идентификатор авторитетной/нормативной записи RU\NLR\AUTH\880425527
711 12 - НАИМЕНОВАНИЕ ОРГАНИЗАЦИИ - АЛЬТЕРНАТИВНАЯ ОТВЕТСТВЕННОСТЬ
Начальный элемент ввода "Литературные традиции и современный литературный процесс", круглый стол
Место проведения временной организации Омск
Дата проведения временной организации 2015
Системный номер авторитетной/нормативной записи 515598
Идентификатор авторитетной/нормативной записи RU\NLR\AUTH\880425533
942 ## - ДОПОЛНИТЕЛЬНЫЕ ЭЛЕМЕНТЫ ЗАПИСИ (АБИС)
Тип экземпляра АБИС Книга
980 ## - КОЛЛЕКЦИЯ
Название коллекции Национальная библиография
Экземпляры
Тип экземпляра Дата поступления Источник поступления Библиотека постоянного хранения Библиотека текущего хранения Место хранения Шифр хранения Штрих-код Статус экземпляра
Книга 22.04.2016 Обязательный экземпляр РНБ (Московский) РНБ (Московский) Русский книжный фонд: издания с 1957 года 94-4/1258 1-1343371  
Книга 22.04.2016 Обязательный экземпляр РНБ (Московский) РНБ (Московский) Русский книжный фонд: издания с 1957 года 94-4/1258 1-1343375